000 01649cam a2200301 a 4500
001 16878976
003 NUST
005 20221230153252.0
008 110719s2011 nyua b 001 0 eng
010 _a 2011934683
020 _a9781461403630
040 _aDLC
_cDLC
_dDLC
042 _apcc
050 0 0 _aTK6570.M6
_bS78 2011
082 0 0 _a621.38456,STU
_223
100 1 _aStüber, Gordon L.,
_d1958-
_9106502
245 1 0 _aPrinciples of mobile communication /
_cGordon L. Stüber.
250 _a3rd ed.
260 _aNew York :
_bSpringer,
_cc2011.
300 _axxiii, 830 p. :
_bill. ;
_c24 cm.
505 _aIntroduction (Page-1), Propagation Modeling (Page-43), Co- Channel Interference (Page-165), Digital Modulation and Power Spectrum (Page-189), Digital Signaling on Flat Fading Channels (Page-271), Multi - Antenna Techniques (Page-325), Equalization and Interference Cancellation (Page-373), Error Control Coding (Page-457), Spread Spectrum Techniques (Page-527), Multi - Carrier Techniques (Page-583), Frequency Planning Techniques (Page-621), CDMA Cellular Systems (Page-665), Radio Resource Management (Page-705), probability and Random Processes (Page-771).
650 0 _aMobile communication systems.
_918556
856 4 2 _3Contributor biographical information
_uhttp://www.loc.gov/catdir/enhancements/fy1316/2011934683-b.html
856 4 2 _3Publisher description
_uhttp://www.loc.gov/catdir/enhancements/fy1316/2011934683-d.html
856 4 1 _3Table of contents only
_uhttp://www.loc.gov/catdir/enhancements/fy1316/2011934683-t.html
906 _a7
_bcbc
_corigcop
_d2
_eepcn
_f20
_gy-gencatlg
942 _2ddc
_cBK
_k621.38456,STU
999 _c592863
_d592863